Name the Country AND Capital from the Flag - Statistics

General Stats
  • This quiz has been taken 50 times
  • The average score is 293 of 392
Answer Stats
Picture Answer % Correct
France
96%
Israel
92%
Japan
92%
Norway
92%
Oslo
92%
Paris
92%
Portugal
92%
Switzerland
92%
Tokyo
92%
United States
92%
Washington D.C.
92%
Abu Dhabi
88%
Albania
88%
Amsterdam
88%
Argentina
88%
Athens
88%
Australia
88%
Austria
88%
Bangladesh
88%
Belarus
88%
Belgium
88%
Berlin
88%
Bosnia & Herzegovina
88%
Brussels
88%
Buenos Aires
88%
Canada
88%
Croatia
88%
Cyprus
88%
Dublin
88%
Estonia
88%
Finland
88%
Georgia
88%
Germany
88%
Greece
88%
Iceland
88%
India
88%
Iran
88%
Islamabad
88%
Italy
88%
Jamaica
88%
Jerusalem
88%
Kenya
88%
Kyiv
88%
Lisbon
88%
Madrid
88%
Mexico
88%
Mexico City
88%
Netherlands
88%
North Korea
88%
Pakistan
88%
Pyongyang
88%
Rome
88%
Saudi Arabia
88%
Slovakia
88%
Spain
88%
Turkey
88%
Ukraine
88%
United Arab Emirates
88%
United Kingdom
88%
Uruguay
88%
Vatican City
88%
Vatican City
88%
Vienna
88%
Zagreb
88%
Andorra
84%
Ankara
84%
Bahrain
84%
Barbados
84%
Beijing
84%
Belgrade
84%
Bern
84%
Bhutan
84%
Botswana
84%
Brasília
84%
Brazil
84%
Bucharest
84%
Budapest
84%
Cairo
84%
Cambodia
84%
Canberra
84%
China
84%
Copenhagen
84%
Cuba
84%
Czech Republic
84%
Damascus
84%
Denmark
84%
Doha
84%
Dominica
84%
D.R. Congo
84%
Ecuador
84%
Egypt
84%
Fiji
84%
Ghana
84%
Honduras
84%
Hungary
84%
Iraq
84%
Ireland
84%
Jordan
84%
Kazakhstan
84%
Kingston
84%
Kosovo
84%
Kyrgyzstan
84%
Latvia
84%
Lebanon
84%
Liechtenstein
84%
London
84%
Luxembourg
84%
Malaysia
84%
Malta
84%
Minsk
84%
Moldova
84%
Mongolia
84%
Montenegro
84%
Morocco
84%
Moscow
84%
Mozambique
84%
New Delhi
84%
Nigeria
84%
Panama
84%
Prague
84%
Pretoria / Cape Town / Bloemfontein
84%
Qatar
84%
Riyadh
84%
Romania
84%
Russia
84%
Saint Lucia
84%
San Marino
84%
Seoul
84%
Serbia
84%
Singapore
84%
South Africa
84%
South Korea
84%
Stockholm
84%
Sweden
84%
Syria
84%
Tajikistan
84%
Tanzania
84%
Thailand
84%
Tunis
84%
Tunisia
84%
Turkmenistan
84%
Uganda
84%
Uzbekistan
84%
Zambia
84%
Zimbabwe
84%
Algeria
80%
Andorra la Vella
80%
Angola
80%
Armenia
80%
Bahamas
80%
Bangkok
80%
Beirut
80%
Benin
80%
Bolivia
80%
Bratislava
80%
Brunei
80%
Bulgaria
80%
Burkina Faso
80%
Cameroon
80%
Caracas
80%
Central African Republic
80%
Costa Rica
80%
Dhaka
80%
Dominican Republic
80%
El Salvador
80%
Haiti
80%
Havana
80%
Helsinki
80%
Indonesia
80%
Ivory Coast
80%
Laos
80%
Lesotho
80%
Lithuania
80%
Madagascar
80%
Mauritius
80%
Monaco
80%
Monaco
80%
Montevideo
80%
Myanmar
80%
Nairobi
80%
New Zealand
80%
Niger
80%
North Macedonia
80%
Ottawa
80%
Palau
80%
Papua New Guinea
80%
Paraguay
80%
Philippines
80%
Poland
80%
Rabat
80%
Reykjavík
80%
Riga
80%
Saint Vincent and the Grenadines
80%
Seychelles
80%
Singapore
80%
Slovenia
80%
Somalia
80%
Sri Lanka
80%
Suriname
80%
Taiwan
80%
Tallinn
80%
Tbilisi
80%
Togo
80%
Tonga
80%
Trinidad & Tobago
80%
Vanuatu
80%
Venezuela
80%
Vietnam
80%
Warsaw
80%
Afghanistan
76%
Algiers
76%
Antigua and Barbuda
76%
Azerbaijan
76%
Baghdad
76%
Belize
76%
Bogotá
76%
Burundi
76%
Cape Verde
76%
Chad
76%
Chile
76%
Colombia
76%
Comoros
76%
Djibouti
76%
East Timor
76%
Eswatini
76%
Ethiopia
76%
Gabon
76%
Gambia
76%
Grenada
76%
Guatemala
76%
Guinea
76%
Guyana
76%
Jakarta
76%
Kuala Lumpur
76%
Kuwait
76%
Liberia
76%
Lima
76%
Luxembourg
76%
Mali
76%
Manila
76%
Nepal
76%
Nicaragua
76%
Nicosia
76%
Oman
76%
Peru
76%
San Marino
76%
San Salvador
76%
Santiago
76%
Sarajevo
76%
Senegal
76%
Sierra Leone
76%
Sofia
76%
South Sudan
76%
Sudan
76%
Tehran
76%
Tirana
76%
Ulaanbaatar
76%
Vaduz
76%
Wellington
76%
Yemen
76%
Abuja
72%
Astana
72%
Chișinău
72%
Equatorial Guinea
72%
Eritrea
72%
Federated States of Micronesia
72%
Guinea-Bissau
72%
Hanoi
72%
Kuwait City
72%
Libya
72%
Ljubljana
72%
Malawi
72%
Maldives
72%
Marshall Islands
72%
Mauritania
72%
Namibia
72%
Panama City
72%
Podgorica
72%
Pristina
72%
Quito
72%
Rep. of the Congo
72%
Rwanda
72%
Saint Kitts & Nevis
72%
Samoa
72%
Sao Tome & Principe
72%
Skopje
72%
Solomon Islands
72%
Taipei
72%
Valletta
72%
Vilnius
72%
Accra
68%
Amman
68%
Ashgabat
68%
Baku
68%
Bishkek
68%
Djibouti
68%
Guatemala City
68%
Mogadishu
68%
Nauru
68%
Port-of-Spain
68%
São Tomé
68%
Tashkent
68%
Antananarivo
64%
Asunción
64%
Bissau
64%
Bridgetown
64%
Harare
64%
Kabul
64%
Kinshasa
64%
Kiribati
64%
La Paz / Sucre
64%
Manama
64%
Nassau
64%
Port-au-Prince
64%
Santo Domingo
64%
Tuvalu
64%
Yerevan
64%
Addis Ababa
60%
Brazzaville
60%
Dakar
60%
Dili
60%
Dodoma
60%
Dushanbe
60%
Juba
60%
Kathmandu
60%
Muscat
60%
Phnom Penh
60%
Sana'a
60%
Tegucigalpa
60%
Tripoli
60%
Windhoek
60%
Yaoundé
60%
Belmopan
56%
Castries
56%
Freetown
56%
Georgetown
56%
Kampala
56%
Khartoum
56%
Lomé
56%
Luanda
56%
Lusaka
56%
Maputo
56%
Maseru
56%
Port Moresby
56%
San José
56%
Suva
56%
Thimphu
56%
Victoria
56%
Vientiane
56%
Bamako
52%
Bandar Seri Begawan
52%
Bangui
52%
Banjul
52%
Conakry
52%
Gaborone
52%
Kigali
52%
Kingstown
52%
Libreville
52%
Malé
52%
Managua
52%
Naypyidaw
52%
Niamey
52%
Nouakchott
52%
Paramaribo
52%
Porto-Novo / Cotonou
52%
Asmara
48%
Gitega
48%
Mbabane
48%
Monrovia
48%
Moroni
48%
N'Djamena
48%
Roseau
48%
Saint George's
48%
Sri Jayawardenepura Kotte
48%
Yaren
48%
Basseterre
44%
Funafuti
44%
Lilongwe
44%
Majuro
44%
Ngerulmud
44%
Nukuʻalofa
44%
Ouagadougou
44%
Port Vila
44%
Praia
44%
Saint John's
44%
Apia
40%
Port Louis
40%
South Tarawa
40%
Yamoussoukro
40%
Honiara
36%
Palikir
36%
Ciudad de la Paz
32%
No matching quizzes found
Score Distribution
Percent of People with Each Score
Percentile by Number Answered
Your Score History
You have not taken this quiz